The development philosophy of Robert S. McNamara / (Registro nro. 6355)

Detalles MARC
000 -LEADER
fixed length control field 00790nam a2200229Ia 4500
003 - CONTROL NUMBER IDENTIFIER
control field OSt
005 - DATE AND TIME OF LATEST TRANSACTION
control field 20200521125139.0
008 - FIXED-LENGTH DATA ELEMENTS--GENERAL INFORMATION
fixed length control field 191128s1981 yo gr 000 0 eng d
040 ## - CATALOGING SOURCE
Original cataloging agency CO-JMCR
Transcribing agency CO-JMCR
041 0# - LANGUAGE CODE
Language code of text/sound track or separate title eng
082 04 - DEWEY DECIMAL CLASSIFICATION NUMBER
Classification number 330.092 /
Item number M122d
Edition number 23
100 1# - MAIN ENTRY--PERSONAL NAME
Personal name Maddux, John L.,
Relator term autor
9 (RLIN) 4660
245 14 - TITLE STATEMENT
Title The development philosophy of Robert S. McNamara /
Statement of responsibility, etc. John L. Maddux
260 ## - PUBLICATION, DISTRIBUTION, ETC.
Place of publication, distribution, etc. Washington :
Name of publisher, distributor, etc. World Bank,
Date of publication, distribution, etc. 1981
300 ## - PHYSICAL DESCRIPTION
Extent 48 páginas ;
Dimensions 22 cm.
505 ## - FORMATTED CONTENTS NOTE
Formatted contents note The background -- The evolution of McNamara's development thinking -- The McNamara legacy
650 14 - SUBJECT ADDED ENTRY--TOPICAL TERM
Topical term or geographic name entry element Funcionarios públicos
9 (RLIN) 4661
650 24 - SUBJECT ADDED ENTRY--TOPICAL TERM
Topical term or geographic name entry element Pensamiento económico
9 (RLIN) 2296
650 24 - SUBJECT ADDED ENTRY--TOPICAL TERM
Topical term or geographic name entry element Desarrollo económico
9 (RLIN) 4662
650 24 - SUBJECT ADDED ENTRY--TOPICAL TERM
Topical term or geographic name entry element McNamara, Robert S.
General subdivision Textos políticos
9 (RLIN) 4663
942 ## - ADDED ENTRY ELEMENTS (KOHA)
Source of classification or shelving scheme Dewey Decimal Classification
Koha item type Books
Existencias
Withdrawn status Lost status Source of classification or shelving scheme Materials specified (bound volume or other part) Damaged status Not for loan Home library Current library Shelving location Date acquired Source of acquisition Cost, normal purchase price Total Checkouts Full call number Barcode Date last seen Copy number Price effective from Koha item type
    Dewey Decimal Classification Donación--15/04/2018--     Biblioteca Pública José María del Castillo y Rada Biblioteca Pública José María del Castillo y Rada General Stacks 11/28/2019 Donación 0.00   330.092 / M122d 430013129 05/16/2024 Ej.1 11/28/2019 Books